[Event "Sydney Open 2014"]
[Site "Sydney AUS"]
[Date "2014.04.25"]
[Round "5.2"]
[White "Ikeda, Junta"]
[Black "Roy Chowdhury, Saptarshi"]
[Result "1/2-1/2"]
[WhiteTitle "FM"]
[BlackTitle "GM"]
[WhiteElo "2338"]
[BlackElo "2491"]
[WhiteFideId "3204731"]
[BlackFideId "5002974"]
[EventDate "2014.04.23"]

1. Nf3 Nf6 2. c4 d6 3. d4 Bf5 4. g3 c6 5. Bg2 Nbd7 6. Nc3 e5 7. O-O h6 8. d5
cxd5 9. cxd5 Be7 10. Nd2 O-O 11. e4 Bg6 12. Nc4 Rc8 13. Qe2 Nc5 14. f3 a6 15.
Ne3 Qd7 16. Bd2 Nh7 17. h4 Rc7 18. Kh2 Ra8 19. Bh3 Qd8 20. Rac1 Nd7 21. f4 exf4
22. gxf4 Nhf6 23. Rg1 Bf8 24. Nf5 Kh8 25. Be1 b5 26. a3 a5 27. Bf2 b4 28. Nb5
Rxc1 29. Rxc1 Bxf5 30. Bxf5 bxa3 31. bxa3 Rb8 32. Nd4 Qe8 33. Nc6 Rb3 34. a4 g6
35. Bh3 Qxe4 36. Qxe4 Nxe4 37. Bd4+ Ndf6 38. Bg2 Kg8 39. Nxa5 Ra3 40. Ra1 Rd3
41. Nc6 Ng4+ 42. Kg1 Rxd4 43. Nxd4 Bg7 44. Nb3 Bxa1 45. Nxa1 Nc5 46. a5 Ne3 47.
Bf3 Nc4 48. a6 Nxa6 49. Be2 Nb6 50. Bxa6 Nxd5 51. f5 Kg7 52. Kf2 Kf6 53. fxg6
fxg6 54. Be2 h5 55. Nb3 g5 56. Bf3 Ne7 57. hxg5+ Kxg5 1/2-1/2

[Event "Sydney Open 2014"]
[Site "Sydney AUS"]
[Date "2014.04.25"]
[Round "5.4"]
[White "Mu, Ke"]
[Black "Melkumyan, Hrant"]
[Result "0-1"]
[BlackTitle "GM"]
[WhiteElo "2325"]
[BlackElo "2633"]
[WhiteFideId "8602778"]
[BlackFideId "13302485"]
[EventDate "2014.04.23"]

1. d4 Nf6 2. c4 e6 3. Nc3 Bb4 4. e3 O-O 5. Ne2 d5 6. a3 Be7 7. cxd5 exd5 8. Nf4
c6 9. Bd3 Na6 10. O-O Nc7 11. Bc2 Re8 12. f3 c5 13. Kh1 Ne6 14. Nxe6 Bxe6 15. f4
Rc8 16. dxc5 Bxc5 17. Bb3 Bg4 18. Qd3 d4 19. exd4 Qxd4 20. Qxd4 Bxd4 21. Bd2 Bf5
22. Rae1 Bd3 23. Rxe8+ Rxe8 24. Rc1 h5 25. h3 Bf2 26. Ba4 Rd8 27. Be1 Be3 28.
Rd1 Rd4 29. Bh4 Bc4 30. Rxd4 Bxd4 31. Bc2 Nd7 32. b3 Bxb3 33. Bxb3 Bxc3 34. Bd5
b6 35. Be7 Bd4 36. Bc6 Nb8 37. Bb5 Bc5 38. Bd8 a6 39. Be2 b5 40. Bc7 Nd7 41.
Bxh5 Bxa3 42. Bg4 Nf6 43. Bc8 Nd5 44. Ba5 b4 45. Bb7 Nxf4 46. g3 Nxh3 47. Bxa6
b3 48. Kg2 Ng5 49. Bd3 b2 50. Bc3 Ne6 51. Kf3 Nc5 52. Bc2 Na4 53. Bd4 Bc5 54.
Ke4 Bxd4 55. Kxd4 g6 56. Kc4 Kg7 57. Kb4 Nb6 58. Kc3 Kf6 59. Kxb2 Nc4+ 60. Kc3
Ne3 61. Bb3 Nf5 62. g4 Nh6 0-1

[Event "Sydney Open 2014"]
[Site "Sydney AUS"]
[Date "2014.04.25"]
[Round "5.5"]
[White "Vajda, Levente"]
[Black "Canfell, Gregory"]
[Result "1/2-1/2"]
[WhiteTitle "GM"]
[BlackTitle "FM"]
[WhiteElo "2597"]
[BlackElo "2304"]
[WhiteFideId "1203975"]
[BlackFideId "3200418"]
[EventDate "2014.04.23"]

1. e4 c5 2. c3 Nf6 3. e5 Nd5 4. d4 cxd4 5. Nf3 e6 6. cxd4 d6 7. Bc4 Be7 8. O-O
Nc6 9. Qe2 a6 10. a4 Na5 11. b3 dxe5 12. dxe5 Qb6 13. Nbd2 Bd7 14. Ba3 Bxa3 15.
Rxa3 Bc6 16. Ne4 O-O 17. Nfg5 Nf4 18. Qf3 Bxe4 19. Qxe4 Ng6 20. h4 Nxc4 21. bxc4
Qc5 22. h5 Qxa3 23. hxg6 fxg6 24. Nxe6 Rf7 25. Qd5 Qe7 26. Rd1 Kh8 27. Nd8 Rf5
28. Qd7 Qc5 29. Qd4 Qxd4 30. Rxd4 Kg8 31. e6 Kf8 32. Nxb7 Ke7 33. c5 Rc8 34.
Rd7+ Kxe6 35. Rd6+ Ke7 36. Rxa6 Rcxc5 37. Nxc5 Rxc5 38. Ra8 Rc1+ 39. Kh2 Ra1 40.
a5 Ra2 41. a6 Kf7 42. f4 Ra3 43. g4 g5 44. f5 h6 45. Kg2 Ra2+ 46. Kf3 Ra4 47. a7
Ra1 48. f6 Ra3+ 49. Ke4 Ra1 50. Kf3 1/2-1/2

[Event "Sydney Open 2014"]
[Site "Sydney AUS"]
[Date "2014.04.25"]
[Round "5.6"]
[White "Izzat, Kanan"]
[Black "Dale, Ari"]
[Result "1/2-1/2"]
[WhiteTitle "FM"]
[BlackTitle "IM"]
[WhiteElo "2383"]
[BlackElo "2310"]
[WhiteFideId "13405209"]
[BlackFideId "3213145"]
[EventDate "2014.04.23"]

1. Nf3 Nf6 2. d4 g6 3. c4 Bg7 4. g3 c6 5. Bg2 d5 6. cxd5 cxd5 7. O-O O-O 8. Ne5
Ng4 9. Nxg4 Bxg4 10. Nc3 Nc6 11. h3 Be6 12. e3 Na5 13. b3 Qd7 14. Kh2 b5 15. Bd2
Nb7 16. Qe2 a6 17. Rfc1 Rac8 18. Qf3 Rfd8 19. a4 b4 20. Ne2 Nd6 21. Nf4 Ne4 22.
Bxb4 Rxc1 23. Rxc1 Rb8 24. Nd3 a5 25. Qf4 Rxb4 26. Nxb4 axb4 27. Qb8+ Bf8 28. a5
Nxf2 29. a6 Bxh3 30. a7 Ng4+ 31. Kg1 Qf5 32. Qf4 Qh5 33. Bf3 Bh6 34. a8=Q+ Kg7
35. Qab8 Bxf4 36. Qxf4 g5 37. Qf5 e6 38. Bxg4 Bxg4 39. Qe5+ f6 40. Qc7+ Kg6 41.
Qb8 Kf5 42. e4+ Kxe4 43. Qxb4 Bf3 44. Qe1+ Kf5 45. Kf2 Be4 46. Qe2 Qh2+ 47. Ke1
Qxg3+ 48. Qf2+ Qf4 49. Qxf4+ Kxf4 50. Kd2 Bg6 51. Rc8 Ke4 52. b4 Kxd4 53. b5 Bd3
54. b6 Ba6 55. Ra8 Bb7 56. Ra7 Bc8 57. Rxh7 f5 58. Re7 g4 59. Rc7 Ba6 60. Ra7
Bc8 61. Rc7 Ba6 62. Ra7 Bc8 1/2-1/2

[Event "Sydney Open 2014"]
[Site "Sydney AUS"]
[Date "2014.04.25"]
[Round "5.7"]
[White "Mungunkhuu, Mijgee"]
[Black "Morris, James"]
[Result "0-1"]
[BlackTitle "IM"]
[WhiteElo "2215"]
[BlackElo "2377"]
[WhiteFideId "4900863"]
[BlackFideId "3205800"]
[EventDate "2014.04.23"]

1. d4 Nf6 2. Nf3 g6 3. e3 Bg7 4. Bd3 O-O 5. b3 a5 6. Bb2 a4 7. O-O d5 8. c4 c6
9. h3 Qa5 10. Bc3 Qa7 11. Nbd2 Bf5 12. Qc2 Bxd3 13. Qxd3 Nbd7 14. Rab1 b6 15.
Rfd1 Rfd8 16. Qe2 e6 17. Ne5 Qb7 18. b4 b5 19. c5 Ne8 20. Ndf3 Nf8 21. Ba1 Ra7
22. Re1 Qc8 23. Rbd1 Re7 24. Qc2 Qa8 25. a3 Nc7 26. h4 Rde8 27. Bc3 f6 28. Nd3
Qc8 29. Qb2 h6 30. Nf4 e5 31. dxe5 fxe5 32. Ne2 Qg4 33. Ng3 Nd7 34. h5 gxh5 35.
e4 Rf7 0-1

[Event "Sydney Open 2014"]
[Site "Sydney AUS"]
[Date "2014.04.25"]
[Round "5.8"]
[White "Solomon, Stephen J."]
[Black "Bao, Qilin"]
[Result "1/2-1/2"]
[WhiteTitle "IM"]
[WhiteElo "2369"]
[BlackElo "2213"]
[WhiteFideId "3200043"]
[BlackFideId "8605750"]
[EventDate "2014.04.23"]

1. e4 c5 2. Nf3 d6 3. d4 cxd4 4. Nxd4 Nf6 5. Nc3 a6 6. Be2 e5 7. Nb3 Be7 8. O-O
O-O 9. Be3 Be6 10. a4 Nbd7 11. a5 Qc7 12. Nd5 Nxd5 13. exd5 Bf5 14. c4 Bg6 15.
Qd2 Nc5 16. Ra3 Ne4 17. Qb4 Rac8 18. Nd2 Qd7 19. Nxe4 Bxe4 20. f3 Bg6 21. Qd2
Bh5 22. b4 f5 23. Rc1 e4 24. Bd1 f4 25. Bxf4 Qf5 26. fxe4 Qxf4 27. Qxf4 Rxf4 28.
Bxh5 Rxe4 29. Rac3 Bg5 30. Bf3 Bxc1 31. Bxe4 Bd2 32. Rh3 g6 33. c5 dxc5 34. d6
Rd8 35. bxc5 Bb4 36. Rb3 Bxc5+ 37. Kf1 Rxd6 38. Rxb7 Rd4 39. Bf3 Bb4 40. Rb6
Bxa5 41. Rxa6 Bc7 42. h3 Kg7 43. Ra7 Rd7 44. Ke2 Re7+ 45. Kd3 Bd6 46. Ra6 Bg3
47. Kd4 Bf2+ 48. Kd5 Bg3 49. Bg4 Re5+ 50. Kd4 Re7 51. Be6 Kf6 52. Kd5 Kg5 53.
Ra3 Bb8 54. g3 Kf6 55. Rf3+ Kg5 56. Rb3 Bc7 57. Rf3 Bb8 58. Re3 Rb7 59. h4+ Kh5
60. Bh3 g5 61. hxg5 Rb5+ 62. Ke6 Rxg5 63. Rb3 Bxg3 64. Bf5 h6 65. Rb5 Be1 66.
Rb2 Rg3 67. Be4 Kg4 68. Rg2 Rxg2 69. Bxg2 1/2-1/2

[Event "Sydney Open 2014"]
[Site "Sydney AUS"]
[Date "2014.04.25"]
[Round "5.9"]
[White "Van Wely, Loek"]
[Black "Boyd, Tristan"]
[Result "1-0"]
[WhiteTitle "GM"]
[BlackTitle "FM"]
[WhiteElo "2685"]
[BlackElo "2267"]
[WhiteFideId "1000268"]
[BlackFideId "3203050"]
[EventDate "2014.04.23"]

1. d4 Nf6 2. c4 g6 3. Nf3 Bg7 4. g3 O-O 5. Bg2 d6 6. O-O Nbd7 7. Nc3 e5 8. e4 a6
9. Re1 exd4 10. Nxd4 Ng4 11. h3 Qf6 12. hxg4 Qxd4 13. Nd5 c6 14. Qxd4 Bxd4 15.
Rd1 Bg7 16. Ne7+ Kh8 17. f4 Nb6 18. Nxc8 Raxc8 19. Rb1 Na4 20. Rxd6 Rfd8 21.
Rxd8+ Rxd8 22. Bf3 Rd4 23. e5 Rxc4 24. Be3 Bf8 25. b3 Rc3 26. bxa4 Rxe3 27. Kg2
b5 28. Bxc6 Re2+ 29. Kh3 Rxa2 30. axb5 axb5 31. Rxb5 Rc2 32. Be4 Rc4 33. Bg2 Rc7
34. f5 gxf5 35. gxf5 Re7 36. Rb8 Rxe5 37. Rxf8+ Kg7 38. Rd8 Rxf5 39. Rd7 Rf2 40.
Bd5 Kg6 41. Bc4 Kg7 42. Rd4 Rb2 43. Rg4+ Kf8 44. Rf4 Rb7 45. Kh4 Rc7 46. Rg4 Rd7
47. Kh5 Rd2 48. Rf4 Rh2+ 49. Kg4 h5+ 50. Kf3 h4 51. g4 1-0

[Event "Sydney Open 2014"]
[Site "Sydney AUS"]
[Date "2014.04.25"]
[Round "5.11"]
[White "Ootes, Lars"]
[Black "Castor, David"]
[Result "1-0"]
[WhiteElo "2361"]
[BlackElo "2126"]
[WhiteFideId "1019708"]
[BlackFideId "3204588"]
[EventDate "2014.04.23"]

1. e4 c6 2. d4 d5 3. exd5 cxd5 4. c4 Nf6 5. Nc3 Nc6 6. Bg5 dxc4 7. Bxc4 Qxd4 8.
Qxd4 Nxd4 9. O-O-O e5 10. f4 Bg4 11. Nf3 Nxf3 12. Bb5+ Bd7 13. gxf3 Bxb5 14.
Nxb5 Rc8+ 15. Kb1 a6 16. fxe5 Nd7 17. Nd6+ Bxd6 18. exd6 O-O 19. Be7 Rfe8 20.
Rc1 f6 21. Rc7 Rxc7 22. dxc7 Kf7 23. Rc1 Nb6 24. Bc5 Nc8 25. Rd1 Ke6 26. Rd8 Kf7
27. Kc2 Re2+ 28. Kd3 Re8 29. Kc4 Rg8 30. Kd5 Re8 31. f4 f5 32. a4 a5 33. h4 h5
34. Rxe8 Kxe8 35. Ke6 b6 36. Bd4 g6 37. b3 g5 38. fxg5 f4 39. g6 Kf8 40. g7+ Kg8
41. Kd7 1-0

[Event "Sydney Open 2014"]
[Site "Sydney AUS"]
[Date "2014.04.25"]
[Round "5.12"]
[White "Otgonjargal, Sengeravdan"]
[Black "Dive, Russell John"]
[Result "1-0"]
[WhiteTitle "WFM"]
[BlackTitle "IM"]
[WhiteElo "2196"]
[BlackElo "2357"]
[WhiteFideId "4900790"]
[BlackFideId "4300106"]
[EventDate "2014.04.23"]

1. e4 e5 2. Bc4 Nf6 3. Nc3 Nc6 4. d3 Bc5 5. Bg5 h6 6. Bh4 d6 7. Na4 Bb6 8. Nxb6
axb6 9. Ne2 g5 10. Bg3 Nh5 11. d4 Nxg3 12. hxg3 exd4 13. Nxd4 Qf6 14. Nb5 Kd8
15. Nc3 Be6 16. Bd5 Re8 17. Qf3 Qd4 18. Bxe6 Rxe6 19. Qxf7 Rf6 20. Qg8+ Kd7 21.
Qh7+ Ne7 22. O-O Raf8 23. Rad1 Qc5 24. e5 Rxf2 25. Rxf2 Rxf2 26. b4 Rf7+ 27.
bxc5 Rxh7 28. exd6 Nf5 29. dxc7+ Kxc7 30. Nd5+ Kc6 31. cxb6 Nxg3 32. c4 Rf7 33.
Re1 h5 34. Kh2 Nf5 35. Rf1 Kc5 36. Ne3 Nd6 37. Rd1 Ne4 38. Rd5+ Kxb6 39. Re5 Nd2
40. Rxg5 Nf1+ 41. Nxf1 Rxf1 42. Rxh5 Rf4 43. Rb5+ Kc6 44. Rb2 Rxc4 45. Kh3 Rd4
46. g4 Rd8 47. g5 1-0

[Event "Sydney Open 2014"]
[Site "Sydney AUS"]
[Date "2014.04.25"]
[Round "5.13"]
[White "Kargosha, Bahman"]
[Black "Bjelobrk, Igor"]
[Result "1-0"]
[BlackTitle "IM"]
[WhiteElo "2132"]
[BlackElo "2355"]
[WhiteFideId "12503452"]
[BlackFideId "4300726"]
[EventDate "2014.04.23"]

1. e4 c5 2. c3 Nf6 3. e5 Nd5 4. Nf3 e6 5. d4 cxd4 6. cxd4 d6 7. Bd3 Nb4 8. Bb5+
Bd7 9. Be2 Bc6 10. a3 Nd5 11. O-O Nd7 12. Re1 Rc8 13. Nbd2 Nf4 14. Bf1 dxe5 15.
Nc4 e4 16. Bxf4 exf3 17. d5 fxg2 18. Bxg2 Bb5 19. dxe6 Nf6 20. exf7+ Kxf7 21.
Ne5+ 1-0

[Event "Sydney Open 2014"]
[Site "Sydney AUS"]
[Date "2014.04.25"]
[Round "5.14"]
[White "Puccini, Jack"]
[Black "Smirnov, Anton"]
[Result "0-1"]
[WhiteTitle "CM"]
[BlackTitle "FM"]
[WhiteElo "2088"]
[BlackElo "2344"]
[WhiteFideId "3213307"]
[BlackFideId "3208923"]
[EventDate "2014.04.23"]

1. e4 c5 2. Nf3 d6 3. d4 cxd4 4. Nxd4 Nf6 5. Nc3 a6 6. Bg5 Nbd7 7. f4 Qc7 8. Qf3
h6 9. Bxf6 Nxf6 10. f5 Qc5 11. O-O-O g5 12. fxg6 Bg4 13. gxf7+ Kxf7 14. Qd3 Bxd1
15. Nxd1 Bg7 16. g3 Nxe4 17. Qxe4 Bxd4 18. Bh3 Bf6 19. Be6+ Kg7 20. h4 Qd4 21.
Qf5 Rhf8 22. Qh5 Qe5 23. Bf5 Qxf5 24. Qxf5 Bxb2+ 0-1

[Event "Sydney Open 2014"]
[Site "Sydney AUS"]
[Date "2014.04.25"]
[Round "5.15"]
[White "Brown, Andrew"]
[Black "Guo, Emma"]
[Result "0-1"]
[WhiteTitle "IM"]
[BlackTitle "WIM"]
[WhiteElo "2252"]
[BlackElo "2022"]
[WhiteFideId "3206513"]
[BlackFideId "3200795"]
[EventDate "2014.04.23"]

1. d4 Nf6 2. c4 g6 3. Nc3 d5 4. cxd5 Nxd5 5. e4 Nxc3 6. bxc3 Bg7 7. Bb5+ c6 8.
Ba4 O-O 9. Ne2 c5 10. O-O Nc6 11. Be3 Na5 12. Rb1 b6 13. dxc5 Nc4 14. Bc6 Nxe3
15. fxe3 Rb8 16. Qxd8 Rxd8 17. Bd5 e6 18. c6 exd5 19. c7 Ba6 20. Rfe1 dxe4 21.
Rbd1 Bd3 22. Nf4 Rbc8 23. cxd8=Q+ Rxd8 24. Re2 Bxc3 25. Rc2 Bb4 26. Nxd3 exd3
27. Rc4 Bc5 28. Kf2 f5 29. Kf3 g5 30. h3 Kg7 31. Rc3 d2 32. Ke2 Bb4 33. Rc7+ Kg6
34. Rxa7 Re8 35. Rc7 f4 36. Rc6+ Kf7 37. Rxb6 Rxe3+ 38. Kf2 Bc5 39. Rb7+ Re7+
40. Kf3 Rxb7 41. Rxd2 Re7 42. h4 Re3+ 43. Kg4 Rg3+ 44. Kf5 h6 45. hxg5 hxg5 46.
a4 f3 47. gxf3 Rxf3+ 48. Kg4 Ra3 49. Rc2 Be7 50. Rc4 Ke6 51. Rc6+ Ke5 52. Ra6
Ra1 53. a5 Rg1+ 54. Kf3 g4+ 55. Ke2 Rg2+ 56. Kf1 Ra2 57. Rh6 g3 58. Rh5+ Kf4 59.
Rd5 Kg4 60. Re5 Kh3 0-1

[Event "Sydney Open 2014"]
[Site "Sydney AUS"]
[Date "2014.04.25"]
[Round "6.5"]
[White "Zhai, Mo"]
[Black "Vajda, Levente"]
[Result "1/2-1/2"]
[WhiteTitle "WIM"]
[BlackTitle "GM"]
[WhiteElo "2243"]
[BlackElo "2597"]
[WhiteFideId "8600201"]
[BlackFideId "1203975"]
[EventDate "2014.04.23"]

1. e4 e5 2. Nf3 Nc6 3. Bb5 a6 4. Ba4 Nf6 5. O-O Be7 6. Re1 b5 7. Bb3 O-O 8. h3
Bb7 9. d3 d6 10. a3 Qd7 11. Nc3 Rae8 12. Bd2 Nd8 13. a4 Ne6 14. axb5 axb5 15.
Ra7 c6 16. Be3 Ra8 17. Rxa8 Rxa8 18. d4 exd4 19. Nxd4 Nc5 20. Nf5 Nxb3 21. cxb3
Bf8 22. Bd4 Qe6 23. Ng3 Nd7 24. Nce2 f6 25. Nf4 Qf7 26. b4 Ne5 27. Bc3 g6 28.
Nd3 Qc4 29. Nxe5 dxe5 30. Qd7 Bc8 31. Qd8 Qe6 32. Rd1 Ra7 33. Kh2 Kf7 34. Rd2
Qe8 35. Qb6 Rb7 36. Qa6 c5 37. Rc2 cxb4 38. Bxb4 Bxb4 39. Qa8 Qd7 40. Rxc8 Ra7
41. Rd8 Qb7 42. Qxb7+ Rxb7 43. Nf1 Be7 44. Rc8 f5 45. Ne3 fxe4 46. Rc6 Rd7 47.
Rb6 b4 48. Nc4 Rd5 49. Rb7 h5 50. g3 e3 51. fxe3 e4 52. Kg2 g5 53. Kf2 Rd1 54.
Ke2 Rh1 55. Nd6+ Ke6 56. Nxe4 Rxh3 57. Kf3 Rh2 58. Rb6+ Kd5 59. b3 Rb2 60. Rb7
Ke6 61. Rb6+ Kf7 62. Rb5 Rxb3 63. Nxg5+ Kg6 64. Ne6 Rb1 65. Nf4+ Kf7 66. Rb7 Ke8
67. Nd5 Bd6 68. Nf6+ Kf8 69. Nh7+ Ke8 70. Nf6+ Kf8 71. Nh7+ 1/2-1/2

[Event "Sydney Open 2014"]
[Site "Sydney AUS"]
[Date "2014.04.25"]
[Round "6.6"]
[White "Canfell, Gregory"]
[Black "Izzat, Kanan"]
[Result "1/2-1/2"]
[WhiteTitle "FM"]
[BlackTitle "FM"]
[WhiteElo "2304"]
[BlackElo "2383"]
[WhiteFideId "3200418"]
[BlackFideId "13405209"]
[EventDate "2014.04.23"]

1. Nf3 Nf6 2. g3 g6 3. Bg2 Bg7 4. c4 O-O 5. O-O c6 6. d4 d5 7. cxd5 cxd5 8. Ne5
Ng4 9. Nxg4 Bxg4 10. Nc3 Nc6 11. h3 Be6 12. e4 Nxd4 13. exd5 Bf5 14. Bf4 e5 15.
dxe6 Bxe6 16. Qa4 b5 17. Qa6 Qc8 18. Qxc8 Raxc8 19. a3 Bc4 20. Rfd1 Rfe8 21.
Rac1 a5 22. Be3 Rcd8 23. Bf1 Bxf1 24. Kxf1 b4 25. axb4 axb4 26. Na4 Nc2 27. Bb6
Rxd1+ 28. Rxd1 f5 29. Rd8 Rxd8 30. Bxd8 Kf7 31. Ke2 Ke6 32. Kd3 b3 33. Kc4 Bd4
34. Nc5+ Bxc5 35. Kxc5 Ke5 36. Kc4 Na1 37. f3 h5 38. Bb6 Kd6 39. Be3 Ke5 40.
Bf4+ Ke6 1/2-1/2

[Event "Sydney Open 2014"]
[Site "Sydney AUS"]
[Date "2014.04.25"]
[Round "6.7"]
[White "Otgonjargal, Sengeravdan"]
[Black "Solomon, Stephen J."]
[Result "0-1"]
[WhiteTitle "WFM"]
[BlackTitle "IM"]
[WhiteElo "2196"]
[BlackElo "2369"]
[WhiteFideId "4900790"]
[BlackFideId "3200043"]
[EventDate "2014.04.23"]

1. e4 c5 2. Nf3 d6 3. Bb5+ Bd7 4. Bxd7+ Qxd7 5. d4 cxd4 6. Nxd4 Nf6 7. Nc3 g6 8.
O-O Bg7 9. Bg5 Nc6 10. Nb3 Rc8 11. Qe2 h6 12. Bd2 Ne5 13. Rad1 Nc4 14. Bc1 b5
15. Nd4 a6 16. Nd5 Nxd5 17. exd5 Nb6 18. Rfe1 Bf6 19. c3 Kf8 20. Qf3 h5 21. Nb3
Qg4 22. Qd3 h4 23. h3 Qd7 24. Nd2 Rh5 25. Ne4 Nxd5 26. Qf3 Qf5 27. Qxf5 Rxf5 28.
g4 Re5 29. Kg2 b4 30. f4 Rxe4 31. Rxe4 bxc3 32. Rxd5 cxb2 33. Bxb2 Bxb2 34. Rd2
Bc1 35. Rde2 Rc3 36. Ra4 g5 37. fxg5 Bxg5 38. Rxa6 Rg3+ 39. Kf2 Rxh3 40. a4 Ra3
41. a5 h3 42. Kg1 Bf4 43. Re1 d5 44. Ra8+ Kg7 45. a6 d4 46. a7 e5 47. Rf1 Bg3
48. Kh1 Ra2 49. Rb8 Rxa7 50. Rb3 Bf4 51. Rxh3 Kg6 52. Kg2 Kg5 53. Kf3 Ra3+ 54.
Kg2 Rxh3 55. Kxh3 d3 56. Rd1 e4 57. Rb1 e3 58. Kg2 e2 59. Kf2 Bd2 0-1

[Event "Sydney Open 2014"]
[Site "Sydney AUS"]
[Date "2014.04.25"]
[Round "6.8"]
[White "Bao, Qilin"]
[Black "Ootes, Lars"]
[Result "1/2-1/2"]
[WhiteElo "2213"]
[BlackElo "2361"]
[WhiteFideId "8605750"]
[BlackFideId "1019708"]
[EventDate "2014.04.23"]

1. e4 d6 2. d4 Nf6 3. Nc3 g6 4. g3 Bg7 5. Bg2 O-O 6. Nge2 Nbd7 7. O-O c5 8. d5
Rb8 9. a4 b6 10. Rb1 a6 11. h3 b5 12. axb5 axb5 13. b4 cxb4 14. Na2 Nc5 15. Nxb4
Bb7 16. Nc3 e6 17. Re1 Re8 18. Bd2 Qd7 19. Qf3 exd5 20. exd5 Rxe1+ 21. Rxe1 Re8
22. Bf1 Rxe1 23. Bxe1 Qe7 24. Qe2 Qxe2 25. Bxe2 Nce4 26. Nxb5 Nxd5 27. Nxd5 Bxd5
28. f3 Ng5 29. Kg2 Bf8 30. Bb4 Ne6 31. Bxd6 Nd4 32. Bxf8 Nxe2 33. Ba3 f5 34. Kf2
Bc4 35. Nd6 Ba6 36. Bb2 f4 37. g4 Ng3 38. c4 Kf8 39. Bf6 h6 40. c5 Nf1 41. c6
Ne3 42. h4 Nd5 43. Bd8 h5 44. gxh5 gxh5 45. c7 Nb6 46. Bg5 Nc8 47. Ne4 Nb6 48.
Bxf4 Nd5 49. Be5 Kf7 50. f4 Kg6 51. Bd6 Kf5 52. Kf3 Bb7 53. Nc5 Bc8 54. Be5 Ne7
55. Nb3 Bb7+ 56. Kg3 Bc8 57. Nd4+ Ke4 58. Nb5 Ke3 59. Na7 Bd7 60. Bf6 Nc8 61.
Nxc8 Bxc8 62. Bg5 Bf5 63. Be7 Bc8 64. Ba3 Bf5 65. Bb2 Bc8 66. Bc1+ Ke4 67. Kf2
Bg4 68. Be3 Kd3 69. Bc5 Bf5 70. Bd6 Bc8 71. Bc5 Bf5 72. Kf3 Bg4+ 73. Kg3 Ke4 74.
Bb6 Bc8 75. Bc5 Bf5 76. Bb6 Bc8 77. Bc5 Bf5 78. Bb6 1/2-1/2

[Event "Sydney Open 2014"]
[Site "Sydney AUS"]
[Date "2014.04.25"]
[Round "6.9"]
[White "Lane, Gary W."]
[Black "Kargosha, Bahman"]
[Result "0-1"]
[WhiteTitle "IM"]
[WhiteElo "2362"]
[BlackElo "2132"]
[WhiteFideId "3203301"]
[BlackFideId "12503452"]
[EventDate "2014.04.23"]

1. e4 d5 2. exd5 Nf6 3. Nf3 Nxd5 4. d4 g6 5. Bc4 Bg7 6. O-O O-O 7. c3 b6 8. Re1
Bb7 9. Bg5 Nf6 10. Nbd2 Nbd7 11. Qe2 e6 12. Ne5 Qe8 13. Bb5 Qc8 14. Qe3 a6 15.
Bf1 c5 16. Ndc4 Qc7 17. dxc5 Nxc5 18. Bh4 Nd5 19. Qd4 Rac8 20. Bg3 b5 21. Nd2
Rfd8 22. Qh4 Qe7 23. Nb3 Bf6 24. Qh3 Nxb3 25. axb3 h5 26. Nd3 Bg5 27. f4 Bf6 28.
Bf2 Qf8 29. Rad1 Qh6 30. Qg3 h4 31. Qg4 Be7 32. b4 Rc4 33. Bd4 Rxd4 34. cxd4
Nxb4 35. Nc5 Bd5 36. Be2 Nc2 37. Nxa6 Nxe1 38. Rxe1 Qg7 39. Rd1 Bc4 40. Bxc4
bxc4 41. Nc7 Rxd4 42. Re1 Qf6 43. g3 hxg3 44. hxg3 Rd2 45. Qh3 Qd4+ 46. Kh1 Bc5 0-1

[Event "Sydney Open 2014"]
[Site "Sydney AUS"]
[Date "2014.04.25"]
[Round "6.10"]
[White "Smirnov, Anton"]
[Black "Nakauchi, Gene"]
[Result "1/2-1/2"]
[WhiteTitle "FM"]
[BlackTitle "FM"]
[WhiteElo "2344"]
[BlackElo "2213"]
[WhiteFideId "3208923"]
[BlackFideId "3200698"]
[EventDate "2014.04.23"]

1. e4 c5 2. Nf3 e6 3. d4 cxd4 4. Nxd4 a6 5. Nc3 b5 6. Bd3 Bb7 7. O-O d6 8. a4 b4
9. Na2 Nf6 10. Re1 d5 11. e5 Ne4 12. f3 Bc5 13. Be3 Qc7 14. fxe4 dxe4 15. Bf1
Qxe5 16. Nc1 O-O 17. Ncb3 Ba7 18. Qg4 f5 19. Qh5 Nd7 20. Bc4 Bd5 21. Bxd5 Qxd5
22. Kh1 Nf6 23. Qh3 Ng4 24. Bg1 Rf6 25. Rad1 Qb7 26. Qh4 Rh6 27. Qg5 Qc7 28. g3
e3 29. Qf4 e5 30. Qxf5 Nxh2 31. Bxh2 Rf8 32. Qe4 exd4 33. Rf1 Rc8 34. Nxd4 Rd6
35. Nf5 e2 36. Qxe2 Rxd1 37. Rxd1 Qb7+ 38. Qg2 Qxg2+ 39. Kxg2 Rxc2+ 40. Kh3 Rxb2
41. Rd8+ Kf7 42. Rd7+ Ke6 43. Rxa7 Kxf5 44. Rxg7 h5 45. Rh7 b3 46. Rxh5+ Ke4 47.
Rh6 Re2 48. Rxa6 b2 49. Rb6 Kd3 50. a5 Kc2 51. a6 Re6 52. Rxb2+ Kxb2 53. a7 Ra6
54. Bg1 Kc3 55. g4 Kc4 56. g5 1/2-1/2

[Event "Sydney Open 2014"]
[Site "Sydney AUS"]
[Date "2014.04.25"]
[Round "6.11"]
[White "Guo, Emma"]
[Black "Li, Zuhao Luke"]
[Result "0-1"]
[WhiteTitle "WIM"]
[BlackTitle "FM"]
[WhiteElo "2022"]
[BlackElo "2326"]
[WhiteFideId "3200795"]
[BlackFideId "4303431"]
[EventDate "2014.04.23"]

1. d4 c5 2. d5 Nf6 3. Nc3 e5 4. e4 d6 5. Bb5+ Bd7 6. Bxd7+ Nbxd7 7. Nge2 b5 8.
Nxb5 Nxe4 9. f4 Be7 10. O-O O-O 11. c4 a6 12. Nbc3 Nxc3 13. Nxc3 f5 14. fxe5
Nxe5 15. b3 Bf6 16. Bb2 Ng4 17. Qd2 Bd4+ 18. Kh1 Nxh2 0-1

[Event "Sydney Open 2014"]
[Site "Sydney AUS"]
[Date "2014.04.25"]
[Round "6.12"]
[White "Richards, Heather S"]
[Black "Mu, Ke"]
[Result "0-1"]
[WhiteTitle "WIM"]
[WhiteElo "2148"]
[BlackElo "2325"]
[WhiteFideId "408697"]
[BlackFideId "8602778"]
[EventDate "2014.04.23"]

1. e4 e6 2. d4 d5 3. Nc3 Bb4 4. e5 Ne7 5. Qg4 O-O 6. Nf3 c5 7. Bd3 Ng6 8. Qh5
cxd4 9. Ng5 h6 10. Nxf7 Rxf7 11. Bxg6 Rf5 12. Bxf5 dxc3 13. O-O exf5 14. Bxh6
Qf8 15. Bxg7 Kxg7 16. f4 Qh8 17. Qe2 Nc6 18. Rf3 Nd4 19. Rg3+ Kf7 20. Qd1 cxb2
21. Rb1 Bc5 22. Kh1 Be6 23. Rxb2 b6 24. Rh3 Qg7 25. c3 Nc6 26. Rd2 Ke7 27. Qh5
Rg8 28. Qh4+ Kd7 29. Qe1 Kc7 30. Rh4 d4 31. cxd4 Bb4 32. d5 Bxd5 0-1

[Event "Sydney Open 2014"]
[Site "Sydney AUS"]
[Date "2014.04.26"]
[Round "7.5"]
[White "Li, Zuhao Luke"]
[Black "Roy Chowdhury, Saptarshi"]
[Result "1-0"]
[WhiteTitle "FM"]
[BlackTitle "GM"]
[WhiteElo "2326"]
[BlackElo "2491"]
[WhiteFideId "4303431"]
[BlackFideId "5002974"]
[EventDate "2014.04.23"]

1. d4 Nf6 2. c4 d6 3. Nf3 Bg4 4. Qb3 Qc8 5. h3 Bh5 6. g4 Bg6 7. Bg2 Nbd7 8. g5
Nh5 9. Nh4 c6 10. f4 Bxb1 11. Rxb1 g6 12. O-O Bg7 13. Qd3 e6 14. f5 gxf5 15.
Nxf5 exf5 16. Qxf5 Bxd4+ 17. e3 Ne5 18. Qxc8+ Rxc8 19. exd4 Nxc4 20. b3 Nb6 21.
Ba3 Rd8 22. Rbe1+ Kf8 23. Re6 Nc8 24. Rh6 Ng3 25. Rf2 Re8 26. Rxd6 Kg7 27. Rd7
Kg6 28. Rdxf7 Re6 29. d5 cxd5 30. Bxd5 Re1+ 31. Kh2 Nh5 32. Rxb7 Kxg5 33. Bf7 1-0